Tazkira Auliya -e - Hind (Record no. 2110)

MARC details
000 -LEADER
fixed length control field 00274nam a2200121 a 4500
082 00 - DEWEY DECIMAL CLASSIFICATION NUMBER
Classification number 297.4
Author Cutter AKH
100 ## - MAIN ENTRY--AUTHOR NAME
Author name Akhtar, Mirza Mohd.
245 ## - TITLE STATEMENT
Title Tazkira Auliya -e - Hind
260 ## - PUBLICATION, DISTRIBUTION, ETC. (IMPRINT)
Place of publication
500 ## - GENERAL NOTE
General note includes index and biblioraphy
650 ## - SUBJECT ADDED ENTRY--TOPICAL TERM
Topical Term Sufism-Malfoozat
942 ## - ADDED ENTRY ELEMENTS (KOHA)
Koha item type Books
Holdings
Home library Current library Date acquired Cost, normal purchase price Full call number Accession Number Koha item type Shelving location
Henry Martyn Institute Library Henry Martyn Institute Library 09/10/2007 100.00 297.4 HAS 4066 Archive Book  
Henry Martyn Institute Library Henry Martyn Institute Library 06/04/2018   297.409 AKH 4059 E-Books General stacks
                   Copyright © 2026 | Henry Martyn Institute | Hyderabad | TS-500052 | INDIA | Implemented by hmi.edu.in
Hit-Count:

Powered by Koha